Projektirovanije baz dannych

Salvato in:
Dettagli Bibliografici
Autore principale: Digo, Svetlana Michajlovna
Natura: Libro
Lingua:russo
Pubblicazione: Moskva Finansy i statistika 1988
Edizione:1. izd.
Tags: Aggiungi Tag
Nessun Tag, puoi essere il primo ad aggiungerne!!

MARC

LEADER 00000nam a2200000 4500
001 c036740
005 20221219130310.1
041 0 |a rus 
044 |a RU 
245 1 0 |a Projektirovanije baz dannych  |c Svetlana Michajlovna Digo 
250 |a 1. izd. 
264 1 |a Moskva  |b Finansy i statistika  |c 1988 
300 |a 215 s. 
100 1 |a Digo, Svetlana Michajlovna